Phisophical problems of modern physics

Salvato in:
Dettagli Bibliografici
Autore principale: Mittelstaedt, Peter
Natura: Libro
Lingua:Undetermined
Pubblicazione: Netherlands Reidel Publishing Co. 1976
Soggetti:
Tags: Aggiungi Tag
Nessun Tag, puoi essere il primo ad aggiungerne!!

MARC

LEADER 00000nam a2200000Ia 4500
008 170316s9999 xx 000 0 und d
090 |a 100 M-50p 
100 |a Mittelstaedt, Peter 
245 |a Phisophical problems of modern physics 
260 |a Netherlands 
260 |b Reidel Publishing Co. 
260 |c 1976 
300 |a 211 páginas 
650 |a FILOSOFÍA 
999 |c 17031  |d 17031 
040 |a cru BVZT 
942 |c 15 D  |h 100 M-50p  |2 z